Powell and Powell v Cheltenham BC (Record no. 67957)

MARC details
000 -LEADER
fixed length control field 01839cam a2200265 4500
001 - CONTROL NUMBER
control field ABS64314
008 - FIXED-LENGTH DATA ELEMENTS--GENERAL INFORMATION
fixed length control field 010808n2001 000 0 eng u
035 ## - SYSTEM CONTROL NUMBER
System control number (Sirsi) u114020
245 ## - TITLE STATEMENT
Title Powell and Powell v Cheltenham BC
260 ## - PUBLICATION, DISTRIBUTION, ETC.
Date of publication, distribution, etc. 2001
490 ## - SERIES STATEMENT
Series statement Rating and Valuation Reporter
Volume/sequential designation [2001] 144-147(4)
520 ## - SUMMARY, ETC.
Summary, etc. The claimants P, bought Flat 1, 357 High Street, Cheltenham in 1996. Following the issuing of a closing order by C in respect of the flat, P sought compensation under the Housing Act 1985 s584A. P were aware that the flat was not in good condition when they purchased it , but claimed there had been a number of sales at 357 High Street since 1994, proving that there was a market for the flats, despite the deteriorating condition of the property. P referred to comparables of similarly-sized properties, which in good condition were selling in the 'upper twenties to lower thirties' bracket. At the date of the closing order, given the condition of the property and allowing a 60% discount to give a value, the flat was valued at £11,000. C said the flat was in such disrepair it had no value. "Held", no compensation was awarded because the claimants failed to prove their claim that diminution of value had occurred as a result of the closing order. Copy of decision available on http://www.courtservice.gov.uk/tribunals/lands/decisions/dec-lca-146-00.htm
590 ## - LOCAL NOTE (RLIN)
Local note ABS
650 ## - SUBJECT ADDED ENTRY--TOPICAL TERM
Topical term or geographic name entry element POWELL AND POWELL V CHELTENHAM BC
650 ## - SUBJECT ADDED ENTRY--TOPICAL TERM
Topical term or geographic name entry element HOUSING ACT 1985 S584A
650 ## - SUBJECT ADDED ENTRY--TOPICAL TERM
Topical term or geographic name entry element DIMUNITION IN VALUE
650 ## - SUBJECT ADDED ENTRY--TOPICAL TERM
Topical term or geographic name entry element DETERIORATION
650 ## - SUBJECT ADDED ENTRY--TOPICAL TERM
Topical term or geographic name entry element OPEN MARKET VALUE
650 ## - SUBJECT ADDED ENTRY--TOPICAL TERM
Topical term or geographic name entry element CLOSING ORDERS
650 ## - SUBJECT ADDED ENTRY--TOPICAL TERM
Topical term or geographic name entry element COMPENSATION
650 ## - SUBJECT ADDED ENTRY--TOPICAL TERM
Topical term or geographic name entry element CASE LAW
690 ## - LOCAL SUBJECT ADDED ENTRY--TOPICAL TERM (OCLC, RLIN)
Topical term or geographic name as entry element PROPERTY-PROPERTY APPRAISAL AND VALUATION
856 ## - ELECTRONIC LOCATION AND ACCESS
Uniform Resource Identifier <a href="https://www.courtservice.gov.uk/tribunals/lands/decisions/dec-lca-146-00.htm">https://www.courtservice.gov.uk/tribunals/lands/decisions/dec-lca-146-00.htm</a>
942 ## - ADDED ENTRY ELEMENTS (KOHA)
Suppress in OPAC 0
Holdings
Withdrawn status Lost status Source of classification or shelving scheme Damaged status Not for loan Home library Current library Shelving location Date acquired Total Checkouts Full call number Barcode Date last seen Copy number Price effective from Koha item type
    Dewey Decimal Classification     London London Journal article 08/08/2001   ABS64314 114020-1001 06/08/2019 1 06/08/2019 Law report